| 000 | 00644nam a22001937a 4500 | ||
|---|---|---|---|
| 005 | 20251108164713.0 | ||
| 008 | 250721s1993 xx 000 0 ara d | ||
| 082 | 1 | 4 | _a415/قتي |
| 100 | 1 | _aإبن قتيبة الدينوري، أبو محمد عبد الله بن مسلم | |
| 245 | 1 | 0 | _aكتاب تلقين المتعلم من النحو / |
| 264 | 1 |
_aدمشق : _bالمكتب الإسلامي، _c1993. |
|
| 300 | _a204ص. | ||
| 650 | 1 | 7 | _aاللغة العربية |
| 650 | 1 | 7 | _aقواعد اللغة |
| 650 | 1 | 7 | _aعلم الصرف |
| 700 | 1 |
_aالناصير، عبد الله _eتحقيق |
|
| 942 |
_2ddc _cBK |
||
| 999 |
_c12252 _d12252 |
||